[Event "Kiel op 35th"]
[Site "Kiel"]
[Date "2023.08.02"]
[Round "7"]
[White "Quiring, Nikolai"]
[Black "Basener, Winfried"]
[Result "0-1"]
[WhiteElo "1849"]
[BlackElo "2001"]
[PlyCount "106"]
[EventDate "2023.07.29"]
[EventType "swiss"]
[EventRounds "9"]
[EventCountry "GER"]
[SourceTitle "CBM 215 Extra"]
[Source "ChessBase"]
[SourceDate "2023.09.30"]
[SourceVersion "1"]
[SourceVersionDate "2023.09.30"]
[SourceQuality "1"]

1. d4 Nf6 2. c4 e6 3. Nc3 Bb4 4. Qc2 d5 5. a3 Bxc3+ 6. bxc3 0-0 7. e3 b6 8. cxd5 exd5 9. Bd3 Nc6 10. Ne2 Na5 11. Ng3 c5 12. 0-0 c4 13. Be2 Nb3 14. Rb1 g6 15. f3 b5 16. e4 Nxc1 17. Qxc1 a6 18. e5 Ne8 19. f4 Ng7 20. Bf3 Nf5 21. Nh1 Nh4 22. Bd1 h5 23. g3 Nf5 24. Nf2 Nh6 25. h3 Kg7 26. Kg2 Rh8 27. Bf3 Nf5 28. h4 Be6 29. Nh3 Rb8 30. Nf2 a5 31. Re1 b4 32. axb4 axb4 33. Qd2 bxc3 34. Qxc3 Qc7 35. Nd3 Rxb1 36. Rxb1 Rb8 37. Rxb8 Qxb8 38. Nc5 Qa7 39. Qb2 Qc7 40. Kf2 Qa7 41. Bd1 Qa5 42. g4 hxg4 43. Nxe6+ fxe6 44. Qb7+ Kh6 45. Qc8 Qd2+ 46. Be2 Qxf4+ 47. Ke1 Qc1+ 48. Kf2 g3+ 49. Kg2 Nxh4+ 50. Kxg3 Nf5+ 51. Kf2 Qe3+ 52. Ke1 Qg1+ 53. Kd2 Qxd4+ 0-1

[Event "Kiel op 31st"]
[Site "Kiel"]
[Date "2018.08.03"]
[Round "9"]
[White "Quiring, Nikolai"]
[Black "Oltmanns, Marc"]
[Result "0-1"]
[WhiteElo "2006"]
[BlackElo "1698"]
[PlyCount "100"]
[EventDate "2018.07.28"]
[EventType "swiss"]
[EventRounds "9"]
[EventCountry "GER"]
[SourceTitle "CBM 185 Extra"]
[Source "ChessBase"]
[SourceDate "2018.07.29"]
[SourceVersion "1"]
[SourceVersionDate "2018.07.29"]
[SourceQuality "1"]

1. d4 Nf6 2. c4 e6 3. Nc3 Bb4 4. Qc2 0-0 5. e4 d5 6. e5 Ne4 7. a3 Bxc3+ 8. bxc3 c5 9. Bb2 cxd4 10. cxd4 f6 11. Bd3 fxe5 12. Bxe4 dxe4 13. dxe5 Qh4 14. g3 Qg4 15. Qe2 Qf5 16. g4 Qf4 17. h4 Nc6 18. Nh3 Qf3 19. Qxf3 Rxf3 20. 0-0-0 h6 21. Rde1 b6 22. Rxe4 Bb7 23. Rh2 Rd8 24. Re3 Na5 25. Rc3 Rxc3+ 26. Bxc3 Nxc4 27. Nf4 Kf7 28. g5 hxg5 29. hxg5 Be4 30. Rh4 Bf5 31. g6+ Kg8 32. a4 Rc8 33. Kd1 Ne3+ 34. fxe3 Rxc3 35. Ng2 Bxg6 36. Rd4 Rd3+ 37. Ke2 Rxd4 38. exd4 Bc2 39. Nf4 Kf7 40. a5 bxa5 41. Kd2 Bb3 42. Kc3 a4 43. Kb4 a5+ 44. Ka3 g5 45. Ne2 Kg6 46. Ng3 g4 47. Ne4 Kf5 48. Ng3+ Kf4 49. Ne2+ Ke3 50. d5 Bxd5 0-1

[Event "Schleswig Holstein-ch Seniors op 11th"]
[Site "Buesum"]
[Date "2017.09.08"]
[Round "1"]
[White "Quiring, Nikolai"]
[Black "Moeller, Bernd"]
[Result "1-0"]
[WhiteElo "1990"]
[BlackElo "1717"]
[PlyCount "120"]
[EventDate "2017.09.08"]
[EventType "swiss"]
[EventRounds "9"]
[EventCountry "GER"]
[SourceTitle "EXT 2019"]
[Source "ChessBase"]
[SourceDate "2018.10.10"]
[SourceVersion "1"]
[SourceVersionDate "2018.10.10"]
[SourceQuality "1"]

1. d4 d5 2. c4 c6 3. cxd5 cxd5 4. Nc3 e6 5. Bf4 a6 6. e3 Bd6 7. Bxd6 Qxd6 8. f4 Nf6 9. Bd3 0-0 10. Nf3 Nbd7 11. 0-0 b5 12. Ne5 Bb7 13. Qf3 Nb6 14. a3 Rab8 15. Ng4 Nxg4 16. Qxg4 f5 17. Qe2 Nd7 18. g4 Rf7 19. Rf2 g6 20. Rg2 Rg7 21. g5 Rc8 22. h4 Nb6 23. h5 Qb8 24. Rh2 Kf7 25. Kf2 Nc4 26. Rah1 Nd6 27. hxg6+ hxg6 28. Kg3 Rd8 29. Rh6 Rdg8 30. R1h3 Bc6 31. Qh2 Ke7 32. Rh8 Nf7 33. Rxg8 Rxg8 34. Rh7 Qf8 35. Na2 a5 36. Qc2 Bd7 37. Qc5+ Ke8 38. Bxb5 Qxc5 39. Bxd7+ Kxd7 40. dxc5 Ke7 41. b4 axb4 42. axb4 Ra8 43. Rh2 Ra3 44. Rb2 Rxe3+ 45. Kf2 Re4 46. b5 Rxf4+ 47. Ke1 Ne5 48. Rb3 Nd7 49. b6 Nb8 50. Nb4 Rc4 51. c6 Rxc6 52. Nxc6+ Nxc6 53. b7 e5 54. b8Q Nxb8 55. Rxb8 f4 56. Rb6 Kf7 57. Rf6+ Kg7 58. Rd6 Kf7 59. Ke2 Ke7 60. Rxg6 e4 1-0

[Event "Kiel op 30th"]
[Site "Kiel"]
[Date "2017.07.29"]
[Round "1"]
[White "Niering, Martin"]
[Black "Quiring, Nikolai"]
[Result "1-0"]
[WhiteElo "2225"]
[BlackElo "2007"]
[PlyCount "47"]
[EventDate "2017.07.29"]
[EventType "swiss"]
[EventRounds "9"]
[EventCountry "GER"]
[SourceTitle "EXT 2018"]
[Source "ChessBase"]
[SourceDate "2017.10.13"]
[SourceVersion "1"]
[SourceVersionDate "2017.10.13"]
[SourceQuality "1"]

1. e4 e6 2. d4 d5 3. Nc3 Nf6 4. e5 Nfd7 5. f4 c5 6. Nf3 b6 7. Be3 Ba6 8. Bxa6 Nxa6 9. 0-0 Be7 10. Qe2 Nc7 11. Qf2 0-0 12. Na4 c4 13. Kh1 b5 14. Nc3 a5 15. g4 Nb6 16. Ne2 b4 17. f5 Nd7 18. Nf4 Ra6 19. Qg2 Re8 20. Rf2 Nf8 21. Nh5 Nd7 22. f6 gxf6 23. g5 fxg5 24. Nxg5 1-0

[Event "Kiel op 30th"]
[Site "Kiel"]
[Date "2017.07.29"]
[Round "2"]
[White "Quiring, Nikolai"]
[Black "Schmieder, Kerstin"]
[Result "1-0"]
[WhiteElo "2007"]
[BlackElo "1674"]
[PlyCount "71"]
[EventDate "2017.07.29"]
[EventType "swiss"]
[EventRounds "9"]
[EventCountry "GER"]
[SourceTitle "EXT 2018"]
[Source "ChessBase"]
[SourceDate "2017.10.13"]
[SourceVersion "1"]
[SourceVersionDate "2017.10.13"]
[SourceQuality "1"]

1. d4 d5 2. c4 Nf6 3. cxd5 Nxd5 4. e4 Nb6 5. Be3 e6 6. Nf3 g6 7. h4 h5 8. Nc3 Bg7 9. Qd2 Nc6 10. 0-0-0 Bd7 11. d5 exd5 12. exd5 Ne5 13. Bc5 Nxf3 14. gxf3 Bh6 15. Re1+ Be6 16. Be3 Nxd5 17. Nxd5 Qxd5 18. Qxd5 Bxd5 19. Bxh6+ Kd7 20. Bg5 Bxa2 21. Bb5+ c6 22. Re7+ Kd6 23. Rd1+ Kc5 24. Be2 b5 25. Be3+ Kb4 26. Bd2+ Kc5 27. b4+ Kb6 28. Be3+ Ka6 29. Kb2 Rhe8 30. Rxe8 Rxe8 31. Kxa2 Re7 32. Kb3 Kb7 33. f4 Kc8 34. Bf3 Kb7 35. Rd6 Rc7 36. Rf6 1-0

[Event "Schleswig Holstein-ch Senioren"]
[Site "Ratzeburg"]
[Date "2017.04.10"]
[Round "4.5"]
[White "Quiring, Nikolai"]
[Black "Stomprowski, Eckhard"]
[Result "1-0"]
[WhiteElo "2040"]
[BlackElo "1873"]
[PlyCount "59"]
[EventDate "2017.04.08"]
[EventType "swiss"]
[EventRounds "9"]
[EventCountry "GER"]
[SourceTitle "EXT 2022"]
[Source "ChessBase"]
[SourceDate "2021.10.06"]
[SourceVersion "1"]
[SourceVersionDate "2021.10.06"]
[SourceQuality "1"]

1. d4 c5 2. d5 d6 3. c4 e5 4. Nc3 Ne7 5. e4 Ng6 6. g3 Be7 7. Nge2 0-0 8. Bg2 Nd7 9. 0-0 a6 10. Qd3 Nf6 11. a3 Bd7 12. Be3 Ng4 13. Bd2 Rb8 14. f3 Nf6 15. Rfb1 b5 16. b4 cxb4 17. Rxb4 a5 18. Rbb1 b4 19. axb4 axb4 20. Na4 b3 21. Rxb3 Qc7 22. Nc1 Qa7+ 23. Be3 Qa5 24. Rba3 Qe1+ 25. Qf1 Qb4 26. Nb6 Qb2 27. Nd3 Rxb6 28. Nxb2 Rxb2 29. Qc1 Rfb8 30. Ra8 1-0

[Event "Schleswig Holstein-ch Senioren"]
[Site "Ratzeburg"]
[Date "2017.04.08"]
[Round "1.4"]
[White "Erich, Juergen"]
[Black "Quiring, Nikolai"]
[Result "1-0"]
[WhiteElo "1892"]
[BlackElo "2040"]
[PlyCount "93"]
[EventDate "2017.04.08"]
[EventType "swiss"]
[EventRounds "9"]
[EventCountry "GER"]
[SourceTitle "EXT 2022"]
[Source "ChessBase"]
[SourceDate "2021.10.06"]
[SourceVersion "1"]
[SourceVersionDate "2021.10.06"]
[SourceQuality "1"]

1. d4 Nf6 2. Nf3 e6 3. Bf4 c5 4. e3 Nc6 5. c3 d5 6. Bd3 c4 7. Bc2 Bd6 8. Bg3 0-0 9. Nbd2 Bxg3 10. hxg3 Qd6 11. g4 Ne4 12. Nxe4 dxe4 13. Bxe4 f5 14. Bc2 b5 15. Qe2 e5 16. dxe5 Nxe5 17. Nxe5 Qxe5 18. 0-0-0 g6 19. gxf5 Bxf5 20. Bxf5 Qxf5 21. Rd2 Rf7 22. Rh4 Raf8 23. Rf4 Qg5 24. Rxf7 Rxf7 25. g3 Qh6 26. Rd8+ Kg7 27. Qd1 Qg5 28. Rd7 Qf6 29. Rxf7+ Qxf7 30. Qd4+ Kg8 31. e4 Qf3 32. e5 Qe2 33. a3 a5 34. Qd8+ Kf7 35. Qf6+ Kg8 36. Qd8+ Kf7 37. Qd7+ Kf8 38. Qd6+ Ke8 39. Qd4 Ke7 40. Kb1 Ke6 41. Qd6+ Kf7 42. Qd7+ Kf8 43. Qd4 Ke7 44. Ka2 Ke6 45. Qd6+ Kf7 46. Qd7+ Kg8 47. e6 1-0

[Event "Schleswig Holstein-ch Seniors op 10th"]
[Site "Buesum"]
[Date "2016.09.29"]
[Round "4"]
[White "Quiring, Nikolai"]
[Black "Thormann, Wolfgang"]
[Result "0-1"]
[WhiteElo "2042"]
[BlackElo "2203"]
[PlyCount "70"]
[EventDate "2016.09.26"]
[EventType "swiss"]
[EventRounds "9"]
[EventCountry "GER"]
[SourceTitle "EXT 2019"]
[Source "ChessBase"]
[SourceDate "2018.10.10"]
[SourceVersion "1"]
[SourceVersionDate "2018.10.10"]
[SourceQuality "1"]

1. d4 e6 2. c4 b6 3. e4 Bb7 4. Bd3 Nf6 5. f3 d5 6. exd5 exd5 7. Ne2 Bd6 8. cxd5 Nxd5 9. Nbc3 Qh4+ 10. g3 Nxc3 11. bxc3 Qh5 12. Be4 Bxe4 13. fxe4 Qf3 14. Qa4+ c6 15. Rf1 Qxe4 16. Ba3 Qe7 17. Bxd6 Qxd6 18. d5 0-0 19. 0-0-0 cxd5 20. Nf4 Nd7 21. Rxd5 Nc5 22. Qd4 Qe7 23. Rd1 Rfe8 24. Nd3 Ne6 25. Qb4 Qf6 26. Kb2 Rad8 27. Nf4 Rxd5 28. Rxd5 Nxf4 29. gxf4 Re2+ 30. Ka3 h6 31. Qc4 Rxh2 32. f5 Qe7+ 33. Kb3 Qe2 34. Qc8+ Kh7 35. Rd8 Qxa2+ 0-1

[Event "Schleswig Holstein-ch Seniors op 9th"]
[Site "Buesum"]
[Date "2015.10.01"]
[Round "4"]
[White "Quiring, Nikolai"]
[Black "Werner, Clemens"]
[Result "0-1"]
[WhiteElo "2048"]
[BlackElo "2330"]
[PlyCount "89"]
[EventDate "2015.09.28"]
[EventType "swiss"]
[EventRounds "9"]
[EventCountry "GER"]
[SourceTitle "EXT 2018"]
[Source "ChessBase"]
[SourceDate "2017.10.13"]
[SourceVersion "1"]
[SourceVersionDate "2017.10.13"]
[SourceQuality "1"]

1. d4 d6 2. e4 Nf6 3. f3 e6 4. c4 Be7 5. Be3 0-0 6. Nc3 c5 7. d5 a6 8. a4 Re8 9. Bd3 Nbd7 10. Nge2 Ne5 11. b3 exd5 12. cxd5 Nfd7 13. 0-0 Nxd3 14. Qxd3 Ne5 15. Qc2 Bd7 16. h3 b5 17. f4 Ng6 18. a5 b4 19. Nd1 Bb5 20. Ra2 Rc8 21. Nf2 Bh4 22. Kh2 c4 23. Bb6 Qe7 24. g3 cxb3 25. Qxb3 Bxe2 26. Rxe2 Rc3 27. Qxb4 Bxg3+ 28. Kh1 Nxf4 29. Qxc3 Nxe2 30. Qd3 Bxf2 31. Qxe2 Bg3 32. Kg2 Bh4 33. Rf4 Bg5 34. Rg4 h5 35. Rg3 Bf4 36. Rc3 Qg5+ 37. Kh1 f5 38. Qxa6 Rxe4 39. Bg1 Re1 40. Qb6 Be3 41. Qxe3 Rxe3 42. Bxe3 f4 43. a6 Qxd5+ 44. Kg1 Qd1+ 45. Kg2 0-1

[Event "Schleswig Holstein-ch Seniors op 9th"]
[Site "Buesum"]
[Date "2015.09.29"]
[Round "2"]
[White "Quiring, Nikolai"]
[Black "Lachat, Martin"]
[Result "1-0"]
[WhiteElo "2048"]
[BlackElo "1538"]
[PlyCount "23"]
[EventDate "2015.09.28"]
[EventType "swiss"]
[EventRounds "9"]
[EventCountry "GER"]
[SourceTitle "EXT 2018"]
[Source "ChessBase"]
[SourceDate "2017.10.13"]
[SourceVersion "1"]
[SourceVersionDate "2017.10.13"]
[SourceQuality "1"]

1. d4 f5 2. Nc3 g6 3. h4 h6 4. e4 d6 5. Bd3 e6 6. Qf3 Nc6 7. Be3 Qf6 8. Nge2 Bd7 9. h5 g5 10. exf5 0-0-0 11. fxe6 Bxe6 12. d5 1-0

[Event "Kiel op 28th"]
[Site "Kiel"]
[Date "2015.07.31"]
[Round "9"]
[White "Quiring, Nikolai"]
[Black "Bosselmann, Tom Linus"]
[Result "1-0"]
[WhiteElo "2060"]
[BlackElo "1701"]
[PlyCount "53"]
[EventDate "2015.07.25"]
[EventType "swiss"]
[EventRounds "9"]
[EventCountry "GER"]
[SourceTitle "CBM 167 Extra"]
[Source "ChessBase"]
[SourceDate "2015.09.14"]
[SourceVersion "1"]
[SourceVersionDate "2015.09.14"]
[SourceQuality "1"]

1. d4 d5 2. c4 c6 3. cxd5 cxd5 4. Nc3 e6 5. Bf4 Nf6 6. e3 Bd7 7. Nf3 Bb4 8. Bd3 Nc6 9. 0-0 0-0 10. Rc1 a6 11. Bg5 Be7 12. Na4 Nb4 13. Bb1 Ne4 14. Bxe7 Qxe7 15. a3 Bxa4 16. Qxa4 Nc6 17. Bxe4 dxe4 18. Ne5 Nd8 19. Qd7 Qg5 20. Rc7 f6 21. f4 exf3 22. Rxf3 fxe5 23. Rg3 Rf1+ 24. Kxf1 Qf5+ 25. Ke2 Qh5+ 26. Kd2 Nf7 27. Rc8+ 1-0

[Event "Schleswig Holstein-ch Seniors"]
[Site "Hanerau"]
[Date "2015.04.03"]
[Round "9"]
[White "Quiring, Nikolai"]
[Black "Magdorf, Peter"]
[Result "1/2-1/2"]
[WhiteElo "2048"]
[BlackElo "2032"]
[PlyCount "21"]
[EventDate "2015.03.28"]
[EventType "swiss"]
[EventRounds "9"]
[EventCountry "GER"]
[SourceTitle "EXT 2018"]
[Source "ChessBase"]
[SourceDate "2017.10.13"]
[SourceVersion "1"]
[SourceVersionDate "2017.10.13"]
[SourceQuality "1"]

1. d4 Nf6 2. c4 e6 3. Nc3 Bb4 4. Qc2 0-0 5. a3 Bxc3+ 6. Qxc3 b6 7. f3 Bb7 8. e4 Nxe4 9. fxe4 Qh4+ 10. Qg3 Qxe4+ 11. Qe3 1/2-1/2

[Event "Schleswig Holstein-ch Seniors"]
[Site "Hanerau"]
[Date "2015.04.01"]
[Round "6"]
[White "Kornrumpf, Joachim"]
[Black "Quiring, Nikolai"]
[Result "1/2-1/2"]
[WhiteElo "2012"]
[BlackElo "2048"]
[PlyCount "20"]
[EventDate "2015.03.28"]
[EventType "swiss"]
[EventRounds "9"]
[EventCountry "GER"]
[SourceTitle "EXT 2018"]
[Source "ChessBase"]
[SourceDate "2017.10.13"]
[SourceVersion "1"]
[SourceVersionDate "2017.10.13"]
[SourceQuality "1"]

1. Nf3 f5 2. c4 Nf6 3. Nc3 e6 4. g3 b6 5. Bg2 Bb7 6. 0-0 Be7 7. d3 0-0 8. b3 a5 9. Bb2 Na6 10. Qd2 Qe8 1/2-1/2

[Event "Schleswig Holstein-ch Seniors"]
[Site "Hanerau"]
[Date "2015.04.01"]
[Round "7"]
[White "Quiring, Nikolai"]
[Black "Jessen, Hilke"]
[Result "1-0"]
[WhiteElo "2048"]
[BlackElo "1946"]
[PlyCount "235"]
[EventDate "2015.03.28"]
[EventType "swiss"]
[EventRounds "9"]
[EventCountry "GER"]
[SourceTitle "EXT 2018"]
[Source "ChessBase"]
[SourceDate "2017.10.13"]
[SourceVersion "1"]
[SourceVersionDate "2017.10.13"]
[SourceQuality "1"]

1. d4 d5 2. c4 c6 3. cxd5 cxd5 4. Nc3 Nf6 5. Bf4 e6 6. e3 Be7 7. Bd3 0-0 8. Rc1 a6 9. g4 Re8 10. g5 Nfd7 11. Qh5 Nf8 12. Nf3 Nc6 13. Rg1 Bd6 14. Ne5 Bxe5 15. Bxe5 Nxe5 16. dxe5 Bd7 17. f4 Qb6 18. Qe2 Rac8 19. Kf2 Bc6 20. Nb1 Rc7 21. Rc2 Rec8 22. Rgc1 d4 23. Na3 dxe3+ 24. Qxe3 Qb4 25. Kg3 Qe7 26. Qc5 Qd8 27. Qe3 Rd7 28. Be2 Ng6 29. Nc4 Ne7 30. Kg4 Nd5 31. Qf2 Rb8 32. Nd6 Nb4 33. Rc5 Qe7 34. a3 Nd5 35. Bxa6 f6 36. Bb5 fxe5 37. fxe5 Rf8 38. Qg3 Ne3+ 39. Qxe3 Bxb5 40. Rxb5 Rxd6 41. exd6 Qxd6 42. Qe5 Qd2 43. Qxe6+ Kh8 44. Qe1 Qg2+ 45. Qg3 Qe2+ 46. Kh4 Qxb5 47. b4 Qd5 48. Rc3 Qe4+ 49. Kh3 Kg8 50. Qd3 Qf4 51. Qd5+ Kh8 52. Rg3 Qf1+ 53. Qg2 Qf5+ 54. Kh4 b5 55. Qd2 Re8 56. Rg4 Qe5 57. Rf4 Qe7 58. Qf2 h6 59. Qg3 Rd8 60. Rg4 hxg5+ 61. Kh3 Rd5 62. Qf3 Re5 63. Rg3 Re6 64. Qa8+ Kh7 65. Qf3 Rf6 66. Qd3+ Kh8 67. Kg2 Qb7+ 68. Kg1 Qb6+ 69. Qe3 Qd8 70. Rh3+ Kg8 71. Qd3 Rd6 72. Qh7+ Kf7 73. Rf3+ Rf6 74. Qh5+ Kg8 75. Rxf6 Qxf6 76. Qe8+ Kh7 77. Qxb5 Qd4+ 78. Kg2 Qg4+ 79. Kf1 Qf3+ 80. Ke1 Qc3+ 81. Kf2 Qd4+ 82. Ke2 Qb2+ 83. Ke3 Qc1+ 84. Kd4 Qg1+ 85. Kc4 Qc1+ 86. Kd5 Qd2+ 87. Kc6 Qc3+ 88. Kb6 Qxa3 89. Qf5+ Kh6 90. Qe6+ Kh7 91. b5 Qd3 92. Qe5 Qd8+ 93. Qc7 Qd4+ 94. Kb7 Qd5+ 95. Ka7 Qa2+ 96. Kb8 Qd5 97. b6 Qf5 98. b7 Qf8+ 99. Ka7 Qa3+ 100. Kb6 Qb4+ 101. Kc6 Qc4+ 102. Kd6 Qd4+ 103. Ke7 Qf6+ 104. Kd7 Qf7+ 105. Kc8 Qf8+ 106. Qd8 Qf5+ 107. Qd7 Qc5+ 108. Kd8 Qf8+ 109. Kc7 Qc5+ 110. Qc6 Qe7+ 111. Kb6 Qb4+ 112. Ka7 Qa5+ 113. Qa6 Qc5+ 114. Ka8 Qd5 115. Qa3 g4 116. Qa4 Qf3 117. Qb4 Kh6 118. Ka7 1-0

[Event "Schleswig Holstein-ch Seniors op"]
[Site "Buesum"]
[Date "2014.10.02"]
[Round "8"]
[White "Quiring, Nikolai"]
[Black "Van Dongen, Rob"]
[Result "1-0"]
[WhiteElo "2048"]
[BlackElo "1947"]
[PlyCount "72"]
[EventDate "2014.09.25"]
[EventType "swiss"]
[EventRounds "9"]
[EventCountry "GER"]
[SourceTitle "EXT 2018"]
[Source "ChessBase"]
[SourceDate "2017.10.13"]
[SourceVersion "1"]
[SourceVersionDate "2017.10.13"]
[SourceQuality "1"]

1. d4 d5 2. c4 e6 3. Nc3 Nf6 4. cxd5 exd5 5. Bg5 Be7 6. Qc2 c6 7. e3 h6 8. Bh4 0-0 9. Bd3 Re8 10. Nge2 Nbd7 11. f3 Nf8 12. 0-0 Nh5 13. Bf2 Bd6 14. Rae1 b5 15. e4 b4 16. Nd1 Bf4 17. Be3 Bxe3+ 18. Nxe3 dxe4 19. fxe4 Be6 20. Nf5 Nf6 21. b3 Ng4 22. Qd2 Bxf5 23. Rxf5 Ne6 24. Bc4 Qh4 25. h3 Nf6 26. Bxe6 Rxe6 27. Rf4 Qg5 28. Qd3 Rae8 29. Rf5 Qh4 30. Rf4 Qg5 31. e5 Nd5 32. Rg4 Qe3+ 33. Qxe3 Nxe3 34. Re4 Nd5 35. Nf4 Nxf4 36. Rxf4 Rd8 1-0